Conferencia del señor de Muller
Publicado:
San Jorge, núm. 67 - 68 (2n semestre 1967), pàg 135 - 136 :
MARC
| LEADER | 00000nam a2200000Ia 4500 | ||
|---|---|---|---|
| 008 | 160829s9999 xx 000 0 cat d | ||
| 245 | |a Conferencia del señor de Muller | ||
| 260 | |a San Jorge, núm. 67 - 68 (2n semestre 1967), pàg 135 - 136 | ||
| 600 | 0 | |a Muller i d'Abadal, Josep M., |d 1919-1981 |9 28922 | |
| 650 | |a Sociologia |x Congressos |9 31409 | ||
| 650 | 0 | |a Conferències |9 55184 | |
| 700 | |a Semana Internacional de Estudios Sociales (5a : Barcelona : 1968) |9 40468 | ||
| 901 | |a Arxiu | ||
| 942 | |n 1 |2 udc | ||
| 952 | |0 0 |1 0 |4 0 |7 1 |9 49728 |a Arxiu |b Arxiu |d 2016-12-01 |l 0 |r 2016-12-01 00:00:00 |w 2016-12-01 |y ARXIU | ||
| 999 | |c 53570 |d 53570 | ||